[Event "Irish Championship 2019"]
[Site "Dublin IRL"]
[Date "2019.08.10"]
[Round "8.3"]
[White "O'Donnell, Conor"]
[Black "Brady, Stephen"]
[Result "1/2-1/2"]
[WhiteTitle "FM"]
[BlackTitle "FM"]
[WhiteElo "2311"]
[BlackElo "2282"]
[WhiteICU "2298"]
[BlackICU "2261"]
[WhiteClub "Gonzaga"]
[BlackClub "St. Benildus"]
[WhiteNationality "IRL"]
[BlackNationality "IRL"]
[WhiteFideId "2504243"]
[BlackFideId "2500124"]
[PlyCount "135"]
[Venue "Talbot Hotel, Stillorgan"]
[EventDate "2019.08.03"]

{ Event information: <a
href="http://www.irlchess.com/pairings_irlch2019.html">Tournament
report</a>. }

1. Nf3 Nf6 2. c4 e6 3. g3 d5 4. Bg2 Be7 5. O-O O-O 6. d4 c6 7. Qc2 b6 8. b3
Nbd7 9. Rd1 a5 10. Nc3 Ba6 11. Nd2 b5 12. e4 bxc4 13. bxc4 Rb8 14. exd5
exd5 15. cxd5 cxd5 16. Nxd5 Nxd5 17. Bxd5 Nf6 18. Bf3 Qxd4 19. Nb3 Qa4 20.
Qc7 Bb4 21. Bg5 Rbc8 22. Qa7 Bc4 23. Bxf6 gxf6 24. Qd4 Bxb3 25. axb3 Qxb3
26. Qg4+ Kh8 27. Be4 Rc5 28. Bf5 h6 29. Qh5 Kg7 30. Qg4+ Kh8 31. Qh5 Kg7
32. Rd4 Re8 $2 (32... Rxf5 $18) 33. Rg4+ Kf8 34. Qxh6+ Ke7 35. Qh7 $2 (35.
Re4+ Re5 36. Rxe5+ fxe5 37. Qh4+ f6 38. Rc1 $18) 35... Rd8 36. Rb1 Rd1+ 37.
Rxd1 Qxd1+ 38. Kg2 Re5 39. Rf4 Bd6 40. Qh4 Re1 41. Rd4 Qa1 42. Kh3 Re5 43.
Bd3 Qc3 44. Bc4 Qf3 45. Rf4 Qh5 46. Kg2 Qxh4 47. Rxh4 Rc5 48. Bb3 Rb5 49.
Re4+ Kf8 50. Ba4 Rb4 51. Rxb4 Bxb4 52. Kf3 Kg7 53. Ke4 Bc5 54. f4 Bg1 55.
h3 Bf2 56. g4 Be1 57. Kf5 Bf2 58. Bb3 Be1 59. Ke4 Bf2 60. Kd5 Bg3 61. f5
Kf8 62. Kc6 Kg7 63. Kd7 Kf8 64. Kc6 Kg7 65. Kb5 Be1 66. h4 Bxh4 67. Kxa5
Kf8 68. Kb5 1/2-1/2

[Event "Irish Championship 2019"]
[Site "Dublin IRL"]
[Date "2019.08.10"]
[Round "8.4"]
[White "Ryan, Joe"]
[Black "Moran, Stephen"]
[Result "1-0"]
[WhiteTitle "FM"]
[WhiteElo "2268"]
[BlackElo "2186"]
[WhiteICU "2281"]
[BlackICU "2151"]
[BlackClub "T.C.D."]
[WhiteNationality "IRL"]
[BlackNationality "IRL"]
[WhiteFideId "2500426"]
[BlackFideId "2501872"]
[PlyCount "91"]
[Venue "Talbot Hotel, Stillorgan"]
[EventDate "2019.08.03"]

{ Event information: <a
href="http://www.irlchess.com/pairings_irlch2019.html">Tournament
report</a>. }

1. Nf3 Nf6 2. c4 g6 3. Nc3 d5 4. cxd5 Nxd5 5. Qb3 Nb6 6. d4 Bg7 7. Bf4 O-O
8. e4 a5 9. h3 a4 10. Qc2 a3 11. b3 Nc6 12. Nb5 Nxd4 13. Nbxd4 e5 14. Bg5
f6 15. Nb5 fxg5 16. Nxc7 Rb8 17. Qc5 Rf6 18. Bc4+ Nxc4 19. Qxc4+ Kh8 20.
Nxg5 Qd4 21. Qxd4 exd4 22. Ne8 Rc6 23. Nxg7 Kxg7 24. Kd2 h6 25. Nf3 Be6 26.
Rac1 Bf7 27. Nxd4 Rd6 28. Ke3 Rbd8 29. Rhd1 b5 30. Rc2 b4 31. Rcd2 Kf6 32.
f4 Ke7 33. e5 Rb6 34. Nc6+ Rxc6 35. Rxd8 Rc3+ 36. R8d3 Rc2 37. R1d2 Rc7 38.
Rd4 Rc3+ 39. R4d3 Rc7 40. g4 Be6 41. Ke4 Rc1 42. Rd1 Rc2 43. R3d2 Rc3 44.
f5 Bc8 45. fxg6 Bb7+ 46. Kd4 1-0

[Event "Irish Championship 2019"]
[Site "Dublin IRL"]
[Date "2019.08.10"]
[Round "8.5"]
[White "O'Gorman, Tom"]
[Black "Baburin, Alexander"]
[Result "1/2-1/2"]
[WhiteTitle "FM"]
[BlackTitle "GM"]
[WhiteElo "2229"]
[BlackElo "2432"]
[WhiteICU "2208"]
[BlackICU "2396"]
[WhiteClub "Dun Laoghaire"]
[BlackClub "Kilkenny"]
[WhiteNationality "IRL"]
[BlackNationality "IRL"]
[WhiteFideId "2508249"]
[BlackFideId "2500914"]
[PlyCount "75"]
[Venue "Talbot Hotel, Stillorgan"]
[EventDate "2019.08.03"]

{ Event information: <a
href="http://www.irlchess.com/pairings_irlch2019.html">Tournament
report</a>. }

1. e4 Nf6 2. e5 Nd5 3. d4 d6 4. Nf3 g6 5. Bc4 c6 6. O-O Bg7 7. exd6 Qxd6 8.
Bb3 Bg4 9. h3 Bxf3 10. Qxf3 O-O 11. c4 Nc7 12. d5 cxd5 13. cxd5 Nb5 14. Nc3
Nxc3 15. bxc3 Nd7 16. Bf4 Qf6 17. Qe3 Rfc8 18. Bg5 Qe5 19. Bxe7 Rxc3 20.
Qxe5 Bxe5 21. Rad1 b5 22. Rfe1 a5 23. d6 a4 24. Bd5 Ra7 25. f4 Bf6 26. Bf3
Kg7 27. Bxf6+ Nxf6 28. Bg4 Ra8 29. Re7 Nxg4 30. hxg4 Rd8 31. Rb7 Rc4 32. g3
Rc2 33. a3 Rc3 34. Kg2 Rxa3 35. Rxb5 Rb3 36. Rxb3 axb3 37. Rb1 Rxd6 38.
Rxb3 1/2-1/2

[Event "Irish Championship 2019"]
[Site "Dublin IRL"]
[Date "2019.08.10"]
[Round "8.6"]
[White "Delaney, Killian"]
[Black "Quinn, Mark"]
[Result "0-1"]
[BlackTitle "IM"]
[WhiteElo "2247"]
[BlackElo "2383"]
[WhiteICU "2214"]
[BlackICU "2318"]
[WhiteClub "Gonzaga"]
[BlackClub "Kilkenny"]
[WhiteNationality "IRL"]
[BlackNationality "IRL"]
[WhiteFideId "2501570"]
[BlackFideId "2500450"]
[PlyCount "106"]
[Venue "Talbot Hotel, Stillorgan"]
[EventDate "2019.08.03"]

{ Event information: <a
href="http://www.irlchess.com/pairings_irlch2019.html">Tournament
report</a>. }

1. e4 b6 2. d4 e6 3. Nf3 Bb7 4. Bd3 h6 5. O-O d6 6. c4 Nd7 7. Nc3 g5 8. Be3
Bg7 9. d5 Bxc3 10. bxc3 e5 11. c5 bxc5 12. Rb1 Nb6 13. a4 a5 14. Bb5+ Kf8
15. h4 f6 16. Nd2 Kg7 17. g3 Qe7 18. f4 exf4 19. gxf4 Nxd5 20. Qf3 Nxe3 21.
Qxe3 Rf8 22. Qg3 Rh7 23. Bd3 Bc6 24. e5 f5 25. Rbe1 Kh8 26. fxg5 hxg5 27.
exd6 Qxd6 28. Qxd6 cxd6 29. Rxf5 Rxf5 30. Bxf5 Rxh4 31. Be4 Bxa4 32. Ra1
Bd7 33. Rxa5 Nf6 34. Bg2 Ra4 35. Rxa4 Bxa4 36. Nc4 d5 37. Ne5 Be8 38. Nd3
c4 39. Nb4 Bf7 40. Kf2 Kg7 41. Ke3 Kg6 42. Kd4 Kf5 43. Nc2 Kf4 44. Ne3 g4
45. Bh1 Bg8 46. Bg2 Kg3 47. Bh1 Kf2 48. Bg2 g3 49. Bh3 Ne4 50. Ng4+ Ke2 51.
Ne3 Nxc3 52. Nf5 Ne4 53. Nh6 Be6 0-1

[Event "Irish Championship 2019"]
[Site "Dublin IRL"]
[Date "2019.08.10"]
[Round "8.7"]
[White "Fitzsimons, David"]
[Black "Byrne, Alex"]
[Result "1-0"]
[WhiteTitle "IM"]
[WhiteElo "2317"]
[BlackElo "1963"]
[WhiteICU "2348"]
[BlackICU "1905"]
[WhiteClub "Elm Mount"]
[BlackClub "St. Benildus"]
[WhiteNationality "IRL"]
[BlackNationality "IRL"]
[WhiteFideId "2501961"]
[BlackFideId "2508788"]
[PlyCount "92"]
[Venue "Talbot Hotel, Stillorgan"]
[EventDate "2019.08.03"]

{ Event information: <a
href="http://www.irlchess.com/pairings_irlch2019.html">Tournament
report</a>. }

1. e4 e6 2. d4 d5 3. Nc3 Bb4 4. e5 c5 5. a3 Bxc3+ 6. bxc3 Ne7 7. Qg4 O-O 8.
Bd3 Nbc6 9. Bg5 Qa5 10. Ne2 Ng6 11. O-O c4 12. Bxg6 fxg6 13. a4 Bd7 14. h4
Rf7 15. Qh3 Raf8 16. Bc1 b5 17. Ba3 Rb8 18. Bd6 Rb7 19. Rfb1 Bc8 20. Bb4
Qd8 21. a5 Nxb4 22. cxb4 g5 23. h5 Rf5 24. h6 g6 25. c3 Rbf7 26. f3 Qf8 27.
Kf2 a6 28. Rh1 Kh8 29. Qg4 Qe7 30. Ke3 Kg8 31. Kd2 Kf8 32. Rh3 Ke8 33. Rg3
Qf8 34. Rh1 Bd7 35. Qh3 Qe7 36. Rg4 Rf8 37. Qg3 R8f7 38. Ng1 Rf4 39. Nh3
Rxg4 40. fxg4 Qf8 41. Nxg5 Rf2+ 42. Ke1 Rb2 43. Nxh7 Rb1+ 44. Kd2 Rxh1 45.
Nxf8 Kxf8 46. Qf4+ Kg8 1-0

[Event "Irish Championship 2019"]
[Site "Dublin IRL"]
[Date "2019.08.10"]
[Round "8.8"]
[White "Daly, Colm"]
[Black "Kanyamarala, Trisha"]
[Result "1-0"]
[WhiteTitle "FM"]
[WhiteElo "2213"]
[BlackElo "2238"]
[WhiteICU "2194"]
[BlackICU "1990"]
[WhiteClub "Bray/Greystones"]
[WhiteNationality "IRL"]
[BlackNationality "IRL"]
[WhiteFideId "2500434"]
[BlackFideId "45004722"]
[PlyCount "127"]
[Venue "Talbot Hotel, Stillorgan"]
[EventDate "2019.08.03"]

{ Event information: <a
href="http://www.irlchess.com/pairings_irlch2019.html">Tournament
report</a>. }

1. Nf3 d5 2. b3 Nf6 3. Bb2 Bg4 4. e3 e6 5. c4 Be7 6. cxd5 exd5 7. Be2 Nbd7
8. O-O O-O 9. d3 Bd6 10. Nbd2 Re8 11. Re1 c6 12. a3 a5 13. Qc2 Qc7 14. Bf1
Re7 15. Rac1 Rc8 16. h3 Bh5 17. Qb1 Bg6 18. b4 axb4 19. axb4 Qb6 20. Bc3
Rce8 21. Qb2 Qa6 22. Ra1 Qb6 23. Reb1 Qd8 24. Ra7 Bb8 25. Ra2 Bd6 26. Rba1
Qc7 27. Ra7 Rb8 28. Bd4 Ne8 29. Rc1 Qd8 30. Raa1 f6 31. Nh4 Nc7 32. Nxg6
hxg6 33. Bc5 Nf8 34. d4 g5 35. b5 Bxc5 36. Rxc5 Nfe6 37. Rcc1 Qc8 38. Rab1
cxb5 39. Bxb5 Qd8 40. Bd3 Ne8 41. Qb3 N6c7 42. Ne4 Kh8 43. Nc3 Rd7 44. Qd1
Nd6 45. Qh5+ Kg8 46. Bg6 Nf7 47. Bf5 Rd6 48. Qh7+ Kf8 49. Ne2 Ne8 50. Ng3
b5 51. Rc5 Ra6 52. Rbc1 b4 53. Nh5 Raa8 54. Bg6 Ra7 55. Bf5 Raa8 56. Be6 b3
57. Bxf7 Kxf7 58. Nxg7 b2 59. Nxe8+ Kxe8 60. Qg8+ Ke7 61. Rc7+ Qxc7 62.
Rxc7+ Kd6 63. Qf7 b1=Q+ 64. Kh2 1-0

[Event "Irish Championship 2019"]
[Site "Dublin IRL"]
[Date "2019.08.10"]
[Round "8.9"]
[White "Murray, David"]
[Black "Kanyamarala, Tarun"]
[Result "0-1"]
[WhiteElo "2126"]
[BlackElo "2142"]
[WhiteICU "2121"]
[BlackICU "2110"]
[WhiteClub "Gonzaga"]
[WhiteNationality "IRL"]
[BlackNationality "IRL"]
[WhiteFideId "2501511"]
[BlackFideId "45004714"]
[PlyCount "78"]
[Venue "Talbot Hotel, Stillorgan"]
[EventDate "2019.08.03"]

{ Event information: <a
href="http://www.irlchess.com/pairings_irlch2019.html">Tournament
report</a>. }

1. d4 Nf6 2. c4 e6 3. Nc3 Bb4 4. f3 d5 5. a3 Bxc3+ 6. bxc3 O-O 7. cxd5 exd5
8. e3 c5 9. Bd3 b6 10. Ne2 Ba6 11. O-O Re8 12. Ng3 Bxd3 13. Qxd3 Nc6 14.
Ra2 Re6 15. Rd1 Qe8 16. Re2 Rd8 17. a4 Na5 18. dxc5 bxc5 19. e4 c4 20. Qc2
dxe4 21. Rxd8 Qxd8 22. fxe4 Nb3 23. Be3 Qd7 24. Bg5 Ng4 25. Nf5 h6 26. Bh4
Ne5 27. Bf2 Qxa4 28. h3 Nd3 29. Bd4 Ne5 30. Re3 Kh7 31. Qf2 Nd3 32. Qh4
Qa1+ 33. Kh2 Nd2 34. Ng3 Rg6 35. Re2 Nf1+ 36. Nxf1 Qxf1 37. Qh5 Nf4 38. Rf2
Rxg2+ 39. Rxg2 Qxg2# 0-1

[Event "Irish Championship 2019"]
[Site "Dublin IRL"]
[Date "2019.08.10"]
[Round "8.10"]
[White "Lyons, Brendan"]
[Black "Carroll, Peter"]
[Result "0-1"]
[WhiteElo "1967"]
[BlackElo "2062"]
[WhiteICU "1898"]
[BlackICU "2035"]
[WhiteClub "St. Benildus"]
[BlackClub "Gonzaga"]
[WhiteNationality "IRL"]
[BlackNationality "IRL"]
[WhiteFideId "2500698"]
[BlackFideId "2510243"]
[PlyCount "92"]
[Venue "Talbot Hotel, Stillorgan"]
[EventDate "2019.08.03"]

{ Event information: <a
href="http://www.irlchess.com/pairings_irlch2019.html">Tournament
report</a>. }

1. e4 c5 2. Nf3 e6 3. d3 Nc6 4. g3 Nf6 5. Bg2 d5 6. Nbd2 Be7 7. O-O O-O 8.
Re1 b5 9. e5 Nd7 10. h4 a5 11. Nf1 b4 12. N1h2 Ba6 13. Bf4 a4 14. a3 bxa3
15. bxa3 Nd4 16. Ng5 Qa5 17. Bd2 Qc7 18. Bf4 Rab8 19. Bxd5 exd5 20. e6 Bd6
21. Bxd6 Qxd6 22. exd7 Qxd7 23. c3 Nb3 24. Ra2 Qf5 25. Re3 h6 26. Rf3 Qd7
27. Rf4 hxg5 28. hxg5 g6 29. Ng4 Kg7 30. f3 d4 31. Rh2 Rh8 32. Qe1 Rbe8 33.
Re4 Rxe4 34. Qxe4 Rxh2 35. Qe5+ Kf8 36. Nf6 Qe6 37. Qb8+ Bc8 38. Kxh2 dxc3
39. Qc7 Kg7 40. Qd8 Qh3+ 41. Kg1 Qxg3+ 42. Kf1 Qxf3+ 43. Kg1 Qg3+ 44. Kf1
Bh3+ 45. Ke2 Nd4+ 46. Kd1 Qxd3+ 0-1

[Event "Irish Championship 2019"]
[Site "Dublin IRL"]
[Date "2019.08.10"]
[Round "8.11"]
[White "O'Connor, Jonathan"]
[Black "Wallace, Paul"]
[Result "1/2-1/2"]
[WhiteElo "2165"]
[BlackElo "2171"]
[WhiteICU "2099"]
[BlackICU "2159"]
[WhiteClub "Dublin"]
[BlackClub "Kilkenny"]
[WhiteNationality "IRL"]
[BlackNationality "IRL"]
[WhiteFideId "2501112"]
[BlackFideId "2500892"]
[PlyCount "49"]
[Venue "Talbot Hotel, Stillorgan"]
[EventDate "2019.08.03"]

{ Event information: <a
href="http://www.irlchess.com/pairings_irlch2019.html">Tournament
report</a>. }

1. e4 e5 2. Nc3 Nf6 3. f4 d5 4. fxe5 Nxe4 5. Qf3 Nc6 6. Bb5 Nxc3 7. dxc3
Be7 8. Bf4 O-O 9. O-O-O Bg5 10. h4 Bxf4+ 11. Qxf4 Qe7 12. Nf3 f6 13. exf6
Rxf6 14. Qd2 Be6 15. Rde1 Qd6 16. Bd3 Bf5 17. Re3 h6 18. Bxf5 Rxf5 19. g4
Rf7 20. g5 Raf8 21. Qe2 Re7 22. Rxe7 Qxe7 23. Qxe7 Nxe7 24. Nd4 Rf2 25. Re1
1/2-1/2

[Event "Irish Championship 2019"]
[Site "Dublin IRL"]
[Date "2019.08.10"]
[Round "8.12"]
[White "O'Connell, Gerard"]
[Black "Haque, Muhtarim-Ul"]
[Result "0-1"]
[WhiteElo "2106"]
[BlackElo "2036"]
[WhiteICU "2052"]
[BlackICU "2031"]
[WhiteClub "St. Benildus"]
[BlackClub "Rathmines"]
[WhiteNationality "IRL"]
[BlackNationality "IRL"]
[WhiteFideId "2500493"]
[BlackFideId "2509415"]
[PlyCount "54"]
[Venue "Talbot Hotel, Stillorgan"]
[EventDate "2019.08.03"]

{ Event information: <a
href="http://www.irlchess.com/pairings_irlch2019.html">Tournament
report</a>. }

1. d4 d5 2. c4 e6 3. Nc3 c5 4. cxd5 exd5 5. Nf3 Nc6 6. g3 c4 7. Bg2 Bb4 8.
O-O Nge7 9. a3 Bxc3 10. bxc3 O-O 11. Re1 Na5 12. e4 Nb3 13. Ra2 dxe4 14.
Ne5 f6 15. Nxc4 Nxc1 16. Ra1 Be6 17. Nd2 Na2 18. Qc2 f5 19. c4 Qxd4 20.
Rxa2 Rac8 21. Rb2 b6 22. Bf1 Nc6 23. Nb3 Qf6 24. Rd1 Ne5 25. Rd6 Nf3+ 26.
Kh1 Qe5 27. c5 Qxd6 0-1

[Event "Irish Championship 2019"]
[Site "Dublin IRL"]
[Date "2019.08.10"]
[Round "8.13"]
[White "Fox, Anthony"]
[Black "Melaugh, Shane"]
[Result "1/2-1/2"]
[WhiteElo "2020"]
[BlackElo "2077"]
[WhiteICU "1982"]
[BlackICU "2108"]
[WhiteClub "Dun Laoghaire"]
[BlackClub "Elm Mount"]
[WhiteNationality "IRL"]
[BlackNationality "IRL"]
[WhiteFideId "2500736"]
[BlackFideId "2509580"]
[PlyCount "89"]
[Venue "Talbot Hotel, Stillorgan"]
[EventDate "2019.08.03"]

{ Event information: <a
href="http://www.irlchess.com/pairings_irlch2019.html">Tournament
report</a>. }

1. e4 c5 2. Nc3 Nc6 3. g3 e6 4. Bg2 Nge7 5. Nge2 d5 6. exd5 exd5 7. d4 Be6
8. O-O g6 9. dxc5 Bg7 10. Nb5 O-O 11. Nbd4 Bg4 12. f3 Bd7 13. c3 Rc8 14.
Re1 Re8 15. Bf4 Ne5 16. Nc1 Nf5 17. Nxf5 Bxf5 18. g4 Bd7 19. Nd3 Nxd3 20.
Qxd3 Rxc5 21. Rxe8+ Bxe8 22. Be3 Bb5 23. Qd2 Rc6 24. f4 Rd6 25. Rd1 Bc6 26.
Bd4 Bxd4+ 27. Qxd4 Qh4 28. h3 Re6 29. Qf2 Qe7 30. Rd2 Re3 31. Kh2 a5 32. a3
b5 33. Bf3 Qe6 34. Rd4 a4 35. Rd2 Kf8 36. Rd4 h6 37. Rd2 g5 38. f5 Qe5+ 39.
Kg2 Ke7 40. Qxe3 Qxe3 41. Re2 Qxe2+ 42. Bxe2 Kd6 43. Kf2 Ke5 44. Ke3 Bd7
45. Bd3 1/2-1/2

[Event "Irish Championship 2019"]
[Site "Dublin IRL"]
[Date "2019.08.10"]
[Round "8.14"]
[White "Moran, Darragh"]
[Black "Kennedy, John P. A."]
[Result "0-1"]
[WhiteElo "1847"]
[BlackElo "2050"]
[WhiteICU "1828"]
[BlackICU "1981"]
[WhiteClub "Gonzaga"]
[BlackClub "Dublin"]
[WhiteNationality "IRL"]
[BlackNationality "IRL"]
[WhiteFideId "2510294"]
[BlackFideId "2501120"]
[PlyCount "88"]
[Venue "Talbot Hotel, Stillorgan"]
[EventDate "2019.08.03"]

{ Event information: <a
href="http://www.irlchess.com/pairings_irlch2019.html">Tournament
report</a>. }

1. d4 Nf6 2. c4 g6 3. Nc3 Bg7 4. e4 d6 5. Be2 O-O 6. Be3 Nbd7 7. Nf3 e5 8.
O-O Re8 9. d5 Nc5 10. Nd2 a5 11. a3 a4 12. Bxc5 dxc5 13. Nxa4 b6 14. b4 Qe7
15. Qb3 Bh6 16. Rfd1 Bxd2 17. Rxd2 Nxe4 18. Rdd1 Qh4 19. g3 Qh6 20. Nc3
Nxf2 21. Kxf2 Qxh2+ 22. Ke1 Qxg3+ 23. Kd2 Bf5 24. Kc1 h5 25. Kb2 Qe3 26.
Bf1 h4 27. Ne2 Qf2 28. Qc3 cxb4 29. axb4 Rxa1 30. Rxa1 Bg4 31. Qe1 Qf6 32.
Ra7 e4+ 33. Nc3 e3 34. Rxc7 e2 35. Bg2 Re3 36. d6 Rxc3 37. c5 Rxc5+ 38. Kb3
Qc3+ 39. Qxc3 Rxc3+ 40. Rxc3 e1=Q 41. Rd3 Be6+ 42. Bd5 h3 43. Bxe6 Qxe6+
44. Kc3 Qd7 0-1

[Event "Irish Championship 2019"]
[Site "Dublin IRL"]
[Date "2019.08.10"]
[Round "8.15"]
[White "Mirza, Diana"]
[Black "Melaugh, Gavin"]
[Result "0-1"]
[WhiteTitle "WFM"]
[WhiteElo "1973"]
[BlackElo "2025"]
[WhiteICU "1986"]
[BlackICU "2102"]
[WhiteClub "St. Michaels"]
[BlackClub "T.C.D."]
[WhiteNationality "IRL"]
[BlackNationality "IRL"]
[WhiteFideId "2503999"]
[BlackFideId "2509571"]
[PlyCount "70"]
[Venue "Talbot Hotel, Stillorgan"]
[EventDate "2019.08.03"]

{ Event information: <a
href="http://www.irlchess.com/pairings_irlch2019.html">Tournament
report</a>. }

1. e4 c6 2. d4 d5 3. exd5 cxd5 4. Bd3 Nc6 5. c3 Qc7 6. Nf3 Nf6 7. Nbd2 Bg4
8. O-O e6 9. h3 Bh5 10. Re1 Bd6 11. Qe2 O-O-O 12. Qf1 Rdg8 13. c4 g5 14.
cxd5 Nxd5 15. Ne4 g4 16. hxg4 Bxg4 17. Nxd6+ Qxd6 18. Ne5 Nxd4 19. Nxg4
Rxg4 20. Be4 Kb8 21. Qd3 e5 22. Be3 Nb4 23. Qb1 f5 24. Bxd4 fxe4 25. Bc3
Rhg8 26. g3 Nd3 27. Re3 h5 28. Qf1 h4 29. Qh3 Qg6 30. Rxd3 exd3 31. Bxe5+
Ka8 32. Rd1 Qe4 33. Bd6 hxg3 34. Bxg3 Rxg3+ 35. fxg3 Qe3+ 0-1

[Event "Irish Championship 2019"]
[Site "Dublin IRL"]
[Date "2019.08.10"]
[Round "8.16"]
[White "Flynn, Jacob"]
[Black "Murphy, Sean J."]
[Result "1-0"]
[WhiteElo "1973"]
[BlackElo "1875"]
[WhiteICU "2028"]
[BlackICU "1939"]
[WhiteClub "Malahide"]
[BlackClub "Cork"]
[WhiteNationality "IRL"]
[BlackNationality "IRL"]
[WhiteFideId "2509393"]
[BlackFideId "2512742"]
[PlyCount "139"]
[Venue "Talbot Hotel, Stillorgan"]
[EventDate "2019.08.03"]
[BlackFullName "Murphy, Se&aacute;n J."]

{ Event information: <a
href="http://www.irlchess.com/pairings_irlch2019.html">Tournament
report</a>. }

1. c4 e5 2. Nc3 Nf6 3. Nf3 Nc6 4. e3 Bb4 5. Qc2 Bxc3 6. Qxc3 Qe7 7. a3 d5
8. d4 exd4 9. Nxd4 Nxd4 10. Qxd4 c5 11. Qh4 dxc4 12. Bxc4 O-O 13. Bd2 Be6
14. Be2 Qc7 15. e4 Qc6 16. Bd3 Rad8 17. Bc2 Rfe8 18. O-O-O Rd4 19. f3 Rc4
20. Kb1 b5 21. b3 Rxc2 22. Kxc2 c4 23. Kb2 cxb3 24. Rc1 Qd7 25. Rhd1 Bc4
26. Bc3 Qe6 27. Qf4 Qb6 28. Qd6 Qe3 29. Qd2 Qb6 30. g4 Nd5 31. Bd4 Qa6 32.
Re1 Nc7 33. Bc3 Ne6 34. Rcd1 Nc5 35. Qd8 Na4+ 36. Kc1 Rf8 37. Bb4 b2+ 38.
Kc2 Qc8 39. Qxf8+ Qxf8 40. Bxf8 Kxf8 41. Rb1 a5 42. Rxb2 Nxb2 43. Kxb2 g5
44. Kc3 a4 45. Kd4 Ke7 46. Rc1 Be2 47. Ke3 Bc4 48. f4 h6 49. e5 Ke6 50. Rd1
Bd5 51. Rd4 Bc4 52. Rd6+ Ke7 53. Rxh6 b4 54. axb4 a3 55. Rd6 gxf4+ 56. Kxf4
a2 57. Rd1 Bd3 58. Ra1 Bb1 59. Ke3 Ke6 60. Kd4 Ke7 61. Kd5 Kd7 62. h4 Ke7
63. g5 Bf5 64. Kd4 Be6 65. Kc3 Bd5 66. Kb2 Ke6 67. Rxa2 Kxe5 68. Ra5 f5 69.
gxf6 Kxf6 70. Rxd5 1-0

[Event "Irish Championship 2019"]
[Site "Dublin IRL"]
[Date "2019.08.10"]
[Round "8.17"]
[White "Harding, Tim"]
[Black "Haque, Mustakim-Ul"]
[Result "1/2-1/2"]
[WhiteTitle "CM"]
[WhiteElo "2028"]
[BlackElo "1947"]
[WhiteICU "1973"]
[BlackICU "1918"]
[WhiteClub "T.C.D."]
[BlackClub "Rathmines"]
[WhiteNationality "IRL"]
[BlackNationality "IRL"]
[WhiteFideId "2500256"]
[BlackFideId "2509334"]
[PlyCount "53"]
[Venue "Talbot Hotel, Stillorgan"]
[EventDate "2019.08.03"]

{ Event information: <a
href="http://www.irlchess.com/pairings_irlch2019.html">Tournament
report</a>. }

1. e4 c6 2. d4 d5 3. e5 Bf5 4. Nf3 e6 5. Be2 c5 6. Be3 cxd4 7. Nxd4 Ne7 8.
O-O Nbc6 9. Bb5 a6 10. Bxc6+ bxc6 11. c4 Qc7 12. Qa4 dxc4 13. Nc3 Rb8 14.
Qxa6 Bd3 15. Rfd1 Qc8 16. Qxc8+ Rxc8 17. b3 Nd5 18. bxc4 Bxc4 19. Bd2 Bc5
20. Nc2 O-O 21. Ne4 Be7 22. Ne3 Nxe3 23. Bxe3 Bd5 24. Bc5 Bxc5 25. Nxc5 Ra8
26. a4 Ra5 27. Rdc1 1/2-1/2

[Event "Irish Championship 2019"]
[Site "Dublin IRL"]
[Date "2019.08.10"]
[Round "8.18"]
[White "McCarthy, Tim"]
[Black "Butler, Kevin C."]
[Result "1/2-1/2"]
[WhiteElo "2018"]
[BlackElo "2048"]
[WhiteICU "1964"]
[BlackICU "1966"]
[WhiteClub "St. Benildus"]
[BlackClub "Phibsboro"]
[WhiteNationality "IRL"]
[BlackNationality "IRL"]
[WhiteFideId "2500710"]
[BlackFideId "2501538"]
[PlyCount "97"]
[Venue "Talbot Hotel, Stillorgan"]
[EventDate "2019.08.03"]

{ Event information: <a
href="http://www.irlchess.com/pairings_irlch2019.html">Tournament
report</a>. }

1. c4 Nf6 2. Nc3 g6 3. d4 Bg7 4. e4 d6 5. Nf3 O-O 6. Be2 e5 7. O-O Na6 8.
Be3 Ng4 9. Bg5 Qe8 10. dxe5 h6 11. Bh4 Nxe5 12. Nxe5 Bxe5 13. Nd5 g5 14. f4
gxh4 15. fxe5 Qxe5 16. Qd2 Qg5 17. Qc3 f5 18. e5 Be6 19. Nf4 Nc5 20. exd6
cxd6 21. Qd4 Bf7 22. Bf3 Rae8 23. Qxd6 Ne4 24. Bxe4 Rxe4 25. Nd5 Re2 26.
Rf2 Rxf2 27. Kxf2 Qd2+ 28. Kg1 Qd4+ 29. Kh1 Bxd5 30. Qxd5+ Qxd5 31. cxd5
Rd8 32. Rd1 Kf7 33. Kg1 Kf6 34. Kf2 Ke5 35. Re1+ Kf4 36. Rd1 Rd6 37. Rd4+
Ke5 38. Rxh4 Rxd5 39. Ke3 Ra5 40. a3 Rb5 41. b4 a5 42. g3 axb4 43. axb4 Rb6
44. Kd3 Rd6+ 45. Kc4 Rc6+ 46. Kb5 Ra6 47. Rh5 Ke4 48. Rh4+ Ke5 49. Rh5
1/2-1/2